<?xml version="1.0" encoding="UTF-8"?>
<record
    xmlns:xsi="http://www.w3.org/2001/XMLSchema-instance"
    xsi:schemaLocation="http://www.loc.gov/MARC21/slim http://www.loc.gov/standards/marcxml/schema/MARC21slim.xsd"
    xmlns="http://www.loc.gov/MARC21/slim">

  <leader>01007nam a22003014a 4500</leader>
  <controlfield tag="001">UTEA</controlfield>
  <controlfield tag="005">20250912105054.0</controlfield>
  <controlfield tag="006">g||||gr||||||01 nz</controlfield>
  <controlfield tag="007">ta</controlfield>
  <controlfield tag="008">250912b       es ||||| |||| 00| 0 spa d</controlfield>
  <datafield tag="020" ind1=" " ind2=" ">
    <subfield code="a">9788467593600</subfield>
  </datafield>
  <datafield tag="040" ind1=" " ind2=" ">
    <subfield code="a">UTEA</subfield>
  </datafield>
  <datafield tag="041" ind1=" " ind2=" ">
    <subfield code="a">spa</subfield>
  </datafield>
  <datafield tag="082" ind1=" " ind2=" ">
    <subfield code="a">370.15</subfield>
    <subfield code="b">O74 2021</subfield>
  </datafield>
  <datafield tag="100" ind1=" " ind2=" ">
    <subfield code="a">Oritz, Tom&#xE1;s</subfield>
    <subfield code="e">Autor</subfield>
  </datafield>
  <datafield tag="245" ind1=" " ind2=" ">
    <subfield code="a">Neurociencia en la escuela : </subfield>
    <subfield code="b">HERVAT: investigaci&#xF3;n neuroeducativa para la mejora del aprendizaje / </subfield>
    <subfield code="c">Tom&#xE1;s Ort&#xED;z </subfield>
    <subfield code="h">[Texto impreso]</subfield>
  </datafield>
  <datafield tag="250" ind1=" " ind2=" ">
    <subfield code="a">Segunda edici&#xF3;n </subfield>
  </datafield>
  <datafield tag="260" ind1=" " ind2=" ">
    <subfield code="a">Espa&#xF1;a</subfield>
    <subfield code="b">Editorial SM.</subfield>
    <subfield code="c">2021</subfield>
  </datafield>
  <datafield tag="300" ind1=" " ind2=" ">
    <subfield code="a">149 p&#xE1;ginas </subfield>
    <subfield code="c">17 x 24 cm.</subfield>
  </datafield>
  <datafield tag="505" ind1=" " ind2=" ">
    <subfield code="a">Neurociencia y educaci&#xF3;n -- El programa neuroeducativo HERVAT </subfield>
  </datafield>
  <datafield tag="650" ind1=" " ind2=" ">
    <subfield code="a">NEUROCIENCIA</subfield>
    <subfield code="9">42960</subfield>
  </datafield>
  <datafield tag="650" ind1=" " ind2=" ">
    <subfield code="a">NEUROPEDAGOGIA</subfield>
    <subfield code="9">59286</subfield>
  </datafield>
  <datafield tag="650" ind1=" " ind2=" ">
    <subfield code="a">NEUROPLASTICIDAD</subfield>
    <subfield code="9">59287</subfield>
  </datafield>
  <datafield tag="650" ind1=" " ind2=" ">
    <subfield code="a">NEUROEDUCCI&#xD3;N </subfield>
    <subfield code="9">59288</subfield>
  </datafield>
  <datafield tag="650" ind1=" " ind2=" ">
    <subfield code="a">NEUROEDUCATIVO</subfield>
    <subfield code="9">59289</subfield>
  </datafield>
  <datafield tag="700" ind1=" " ind2=" ">
    <subfield code="a">Marina, Jos&#xE9; Antonio</subfield>
    <subfield code="e">pr&#xF3;logo</subfield>
    <subfield code="9">3722</subfield>
  </datafield>
  <datafield tag="942" ind1=" " ind2=" ">
    <subfield code="2">ddc</subfield>
    <subfield code="c">BK</subfield>
    <subfield code="e">2025-09-12</subfield>
    <subfield code="z">Mag. Cecilio Flores Noa</subfield>
  </datafield>
  <datafield tag="952" ind1=" " ind2=" ">
    <subfield code="0">0</subfield>
    <subfield code="1">0</subfield>
    <subfield code="2">ddc</subfield>
    <subfield code="4">0</subfield>
    <subfield code="7">0</subfield>
    <subfield code="8">EPEF2</subfield>
    <subfield code="a">BAND</subfield>
    <subfield code="b">BAND</subfield>
    <subfield code="d">2025-09-12</subfield>
    <subfield code="e">CP</subfield>
    <subfield code="o">370.15 O74 2021</subfield>
    <subfield code="p">BAND25090201</subfield>
    <subfield code="w">2025-09-12</subfield>
    <subfield code="y">BK</subfield>
    <subfield code="k"></subfield>
  </datafield>
  <datafield tag="952" ind1=" " ind2=" ">
    <subfield code="0">0</subfield>
    <subfield code="1">0</subfield>
    <subfield code="2">ddc</subfield>
    <subfield code="4">0</subfield>
    <subfield code="7">0</subfield>
    <subfield code="8">EPEF2</subfield>
    <subfield code="a">BABA</subfield>
    <subfield code="b">BABA</subfield>
    <subfield code="c">SALA2</subfield>
    <subfield code="d">2025-09-12</subfield>
    <subfield code="e">CP</subfield>
    <subfield code="o">370.15 O74 2021</subfield>
    <subfield code="p">BABA25090202</subfield>
    <subfield code="w">2025-09-12</subfield>
    <subfield code="y">BK</subfield>
    <subfield code="k"></subfield>
  </datafield>
  <datafield tag="999" ind1=" " ind2=" ">
    <subfield code="c">17256</subfield>
    <subfield code="d">17256</subfield>
  </datafield>
</record>
